000 00897cam a2200253 4500
001 7996
005 20181127184841.0
008 971002s1998 nyua b 001 0 eng
010 _a 97040989
020 _a0415920116 (hardcover : acid-free paper)
020 _a0415920124 (pbk.)
082 0 0 _a306/.09598/6
_221
100 1 _aHoskins, Janet.
245 1 0 _aBiographical objects :
_bhow things tell the stories of people's lives /
_cJanet Hoskins.
260 _aNew York :
_bRoutledge,
_c1998.
300 _ax, 213 p. :
_bill. ;
_c24 cm.
504 _aIncludes bibliographical references (p. [199]-210) and index.
650 0 _aEthnology
_xBiographical methods.
650 0 _aEthnology
_zIndonesia
_zKodi.
650 0 _aKodi (Indonesia)
_xBiography.
650 0 _aMaterial culture
_zIndonesia
_zKodi.
651 0 _aKodi (Indonesia)
_xSocial life and customs.
999 _c6880
_d6880